Top 20 Busiest Airports in South America - Statistics

General Stats
  • This quiz has been taken 98 times
  • The average score is 17 of 20
Answer Stats
Hint Answer % Correct
Brazil Rio de Janeiro/Galeão International Airport
100%
Brazil Santos Dumont Airport
100%
Chile Arturo Merino Benítez International Airport
99%
Peru Jorge Chávez International Airport
99%
Argentina Aeroparque Jorge Newbery
98%
Argentina Ministro Pistarini International Airport
98%
Brazil São Paulo–Congonhas Airport
98%
Brazil São Paulo–Guarulhos International Airport
98%
Venezuela Simon Bolivar International Airport
98%
Colombia El Dorado International Airport
97%
Brazil Brasília International Airport
92%
Colombia José María Córdova International Airport
81%
Colombia Alfonso Bonilla Aragón International Airport
80%
Brazil Belo Horizonte International Airport
75%
Brazil Recife/Guararapes–Gilberto Freyre International Airport
74%
Brazil Salvador International Airport
71%
Brazil Salgado Filho Porto Alegre International Airport
69%
Brazil Fortaleza Airport
67%
Colombia Rafael Núñez International Airport
52%
Brazil Viracopos International Airport
36%
No matching quizzes found
Score Distribution
Percent of People with Each Score
Percentile by Number Answered
Your Score History
You have not taken this quiz